00742nam a2200229Ia 4500008004000000020001800040041000800058082001900066100001900085245003100104260006000135300001100195650001300206650000900219650000800228650001300236690002100249700001800270906001100288999001900299952019400318210210b2012 xxu||||| |||| 00| 0 eng d a9789350237830 aeng a001.6424J MEHA aMEHTA (Ashwin) aAdvanced java for students aMumbaibShroff Publishers & Distributors Pvt Ltd.c2012 ax, 198 astudents ajava afor aAdvanced aComputer Science aSHAH (Sarika) a068024 c152222d152222 001040708Computer ScienceaALbALcComputer Scienced2021-02-17eBiblios, Bunts Hostel Road, Mangaloreg250.00l2o001.6424J MEHAp068024r2025-12-20 12:10:04s2025-12-13w2021-02-17yBK